Pesto Quiz - Statistiken

Allgemein
  • Dieses Quiz wurde 32 mal gespielt
  • Das Durchschnittsergebnis liegt bei 3 aus 10
Antwortstatistiken
Hint Antwort % Korrekt
R Rosso
77%
G Genovese
61%
R Rucola
45%
B Bärlauch
35%
C Calabrese
32%
P Pomodori
10%
P Peperoncino
6%
P Pistacchio
6%
B Büffelmozzarella
3%
L Limone
3%
Keine übereinstimmenden Quizze gefunden
Verteilung der Resultate
Anzahl Personen mit jedem Resultat
Perzentil nach korrekt beantworteten Fragen
Ihre Resultats-Entwicklung
Sie haben dieses Quiz noch nicht gespielt